NLSUI OPAC header image

Rural development : (Record no. 112163)

MARC details
000 -LEADER
fixed length control field 01475cam a22003138i 4500
001 - CONTROL NUMBER
control field 19046308
003 - CONTROL NUMBER IDENTIFIER
control field OSt
005 - DATE AND TIME OF LATEST TRANSACTION
control field 20260211063340.0
008 - FIXED-LENGTH DATA ELEMENTS--GENERAL INFORMATION
fixed length control field 160401s2016 cau b 001 0 eng
010 ## - LIBRARY OF CONGRESS CONTROL NUMBER
LC control number 2016014131
020 ## - INTERNATIONAL STANDARD BOOK NUMBER
International Standard Book Number 9789351509981 (pbk.)
035 ## - SYSTEM CONTROL NUMBER
System control number (DNAL)1345257
040 ## - CATALOGING SOURCE
Original cataloging agency DNAL/DLC
Language of cataloging eng
Description conventions rda
Transcribing agency DNAL
042 ## - AUTHENTICATION CODE
Authentication code pcc
043 ## - GEOGRAPHIC AREA CODE
Geographic area code a-ii---
082 00 - DEWEY DECIMAL CLASSIFICATION NUMBER
Classification number 307.72 SIN
100 1# - MAIN ENTRY--PERSONAL NAME
Personal name Singh, Katar
245 10 - TITLE STATEMENT
Title Rural development :
Remainder of title principles, policies and management /
Statement of responsibility, etc. Katar Singh and Anil Shishodia
250 ## - EDITION STATEMENT
Edition statement 4th ed.
264 #1 - PRODUCTION, PUBLICATION, DISTRIBUTION, MANUFACTURE, AND COPYRIGHT NOTICE
Place of production, publication, distribution, manufacture Thousand Oaks :
Name of producer, publisher, distributor, manufacturer SAGE Publications,
Date of production, publication, distribution, manufacture, or copyright notice 2016.
300 ## - PHYSICAL DESCRIPTION
Extent xxxi, 335 p. :
Other physical details ill. ;
Dimensions 23 cm.
505 ## - FORMATTED CONTENTS NOTE
Formatted contents note Rural Economy of India -- Measures of Development -- Some Paradigms of Rural Development -- Determinants of Rural Development -- Rural Development Policies -- Strategies for Sustainable Development -- Policy Instruments of Rural Development -- Equity-oriented and Growth-oriented Programmes -- Poverty and Unemployment Eradication Programmes -- Natural Resources and Infrastructure Development Programmes -- Planning for Rural Development -- Organising for Rural Development -- Financing Rural Development -- Implementation, Monitoring and Evaluation
650 #0 - SUBJECT ADDED ENTRY--TOPICAL TERM
Topical term or geographic name entry element Rural development
650 #0 - SUBJECT ADDED ENTRY--TOPICAL TERM
Topical term or geographic name entry element Rural development
Geographic subdivision India
Form subdivision Case studies.
700 1# - ADDED ENTRY--PERSONAL NAME
Personal name Shishodia, Anil
906 ## - LOCAL DATA ELEMENT F, LDF (RLIN)
a 7
b cbc
c orignew
d 1
e ecip
f 20
g y-gencatlg
942 ## - ADDED ENTRY ELEMENTS (KOHA)
Source of classification or shelving scheme Dewey Decimal Classification
Koha item type BOOKs
Holdings
Withdrawn status Lost status Source of classification or shelving scheme Damaged status Not for loan Home library Current library Shelving location Date acquired Source of acquisition Cost, normal purchase price Total Checkouts Full call number Barcode Date last seen Price effective from Koha item type
    Dewey Decimal Classification     . .   24.11.2017 Purchased 425.00   307.72 SIN 35651 24.11.2018 24.11.2017 BOOKs